Identifying, cloning and sequencing of a RAPD marker linked to mildew-resistance gene of Hevea brasiliensis (Record no. 60683)
[ view plain ]
| 000 -LEADER | |
|---|---|
| fixed length control field | 01252nam a2200229Ia 4500 |
| 100 ## - MAIN ENTRY--AUTHOR NAME | |
| Personal name | Shoucai Chen |
| 245 #0 - TITLE STATEMENT | |
| Title | Identifying, cloning and sequencing of a RAPD marker linked to mildew-resistance gene of Hevea brasiliensis |
| 260 ## - PUBLICATION, DISTRIBUTION, ETC. (IMPRINT) | |
| Name of publisher | Paper presented at IRRDB, China, 1999 |
| 520 ## - SUMMARY, ETC. | |
| Summary, etc | The genomic DNA isolated from 11 mildew (Oidium hevea)-resistant and 11 susceptible clones of Hevea brasiliensis were analyzed with 52 random primers by using RAPD technique. A DNA fragment designated OPV-10 390 amplified from the genomic DNA from RRTC52 (CK) demonstrated that this sequence was low copy sequence in the resistant clones but not contained in the susceptible clones. It can thus be seen that OPV-10 390 can be used as RAPD markers linked to mildew-resistance gene. OPV-10 390 was cloned and sequenced, and analyzed by Blastn. Results showed that this fragment was a new sequence. |
| 650 ## - SUBJECT ADDED ENTRY--TOPICAL TERM | |
| Topical Term | Cloning |
| 650 ## - SUBJECT ADDED ENTRY--TOPICAL TERM | |
| Topical Term | Hevea brasiliesis |
| 650 ## - SUBJECT ADDED ENTRY--TOPICAL TERM | |
| Topical Term | Identification |
| 650 ## - SUBJECT ADDED ENTRY--TOPICAL TERM | |
| Topical Term | Mildew-resistance gene |
| 650 ## - SUBJECT ADDED ENTRY--TOPICAL TERM | |
| Topical Term | RAPD marker |
| 650 ## - SUBJECT ADDED ENTRY--TOPICAL TERM | |
| Topical Term | Sequence analysis |
| 700 ## - ADDED ENTRY--PERSONAL NAME | |
| Personal name | Dogqiong Hu |
| 700 ## - ADDED ENTRY--PERSONAL NAME | |
| Personal name | Hanshuang Shao |
| 700 ## - ADDED ENTRY--PERSONAL NAME | |
| Personal name | Shaoping Fu |
| 700 ## - ADDED ENTRY--PERSONAL NAME | |
| Personal name | Xueqin Zheng |
| 942 ## - ADDED ENTRY ELEMENTS (KOHA) | |
| Koha item type | Journals |
| Withdrawn status | Lost status | Damaged status | Not for loan | Home library | Current library | Shelving location | Date acquired | Koha item type |
|---|---|---|---|---|---|---|---|---|
| Journals | RRII Library | RRII Library | Biotechnology | 17/12/2021 | Journals |